00926nam a2200289 a 450000100100000000500170001000800410002701000130006802000150008103500200009604000230011604200140013904300120015305000210016510000280018624501010021425000110031526000570032630000250038344000440040850400590045265100230051165100300053465000330056465000250059708200140062200001487620200929163921.0940620s1994 ck b 000 0 spa d a94173798 a9589057357 a(OCoLC)30839580 aDO-SdBNPcOAUdDLC alccopycat as-ck---00aF2271b.J37 19942 aJaramillo Uribe, Jaime.10aDe la sociologia a la historia /cJaime Jaramillo Uribe ; Gonzalo Catano, compilacion y prologo. a1. ed. aSantafe de Bogota, D.C. :bEdiciones Uniades,c1994. axi, 328 p. ;c21 cm. 0aColeccion Grandes maestros de los Andes a"Bibliografia de Jaime Jaramillo Uribe": p. [315]-328. 0aColombiaxHistory. 0aColombiaxHistoriography. 0aSocial sciences and history. 0aHistoryxPhilosophy.00a986.1220